000 00713nam a2200289Ia 4500
005 20260324130634.0
008 008 260324s9999 xx 000 0 eng d
020 _a9781315148854
037 _aEBOOK
040 _aCRL
040 _beng
040 _cCRL
041 _2eng
041 _aeng
084 _qCRL
100 _aTrudy Stewart; Jackie Turnbull
_91182531
245 0 _aWorking with Dysfluent Children
245 0 _bPractical Approaches to Assessment and Therapy
260 _bTaylor and Francis
260 _c2007
365 _a
365 _b215
856 _uhttp://www.taylorfrancis.com/books/9781315148854
942 _cEBOOK
999 _c1778874
_d1778874